[Event "Goch op 22nd"]
[Site "Goch"]
[Date "2011.10.02"]
[Round "7"]
[White "Booy, Willem"]
[Black "Thevessen, Hubert"]
[Result "0-1"]
[WhiteElo "1378"]
[BlackElo "1889"]
[PlyCount "56"]
[EventDate "2011.09.29"]
[EventType "swiss"]
[EventRounds "7"]
[EventCountry "GER"]
[SourceTitle "EXT 2014"]
[Source "ChessBase"]
[SourceDate "2013.11.20"]
[SourceVersion "1"]
[SourceVersionDate "2013.11.20"]
[SourceQuality "1"]

1. e4 c6 2. Nf3 d5 3. e5 Bg4 4. Be2 e6 5. d4 c5 6. Be3 Nc6 7. c3 Nge7 8. Bd3 Nf5 9. Bxf5 Bxf5 10. Nbd2 c4 11. b4 b5 12. 0-0 Be7 13. Ne1 0-0 14. g3 Bh3 15. Ng2 a5 16. a3 Ra6 17. Qc1 Qa8 18. Nf3 Bg4 19. Ngh4 Qb7 20. Ng5 Be2 21. Re1 Bd3 22. Rd1 Rfa8 23. Rd2 axb4 24. Qd1 h6 25. Rxd3 hxg5 26. Qg4 cxd3 27. Bxg5 Bxg5 28. Qxg5 bxc3 0-1

[Event "Goch op 22nd"]
[Site "Goch"]
[Date "2011.09.30"]
[Round "3"]
[White "Jess, Stefan"]
[Black "Booy, Willem"]
[Result "1-0"]
[WhiteElo "1904"]
[BlackElo "1378"]
[PlyCount "75"]
[EventDate "2011.09.29"]
[EventType "swiss"]
[EventRounds "7"]
[EventCountry "GER"]
[SourceTitle "EXT 2014"]
[Source "ChessBase"]
[SourceDate "2013.11.20"]
[SourceVersion "1"]
[SourceVersionDate "2013.11.20"]
[SourceQuality "1"]

1. e4 d6 2. d4 Nf6 3. Nc3 Nbd7 4. Be2 c6 5. Be3 e5 6. h3 Be7 7. Nf3 Qc7 8. 0-0 Nf8 9. Bc4 Be6 10. Qe2 h6 11. Rad1 Bxc4 12. Qxc4 Ng6 13. d5 a6 14. Nd2 Nf4 15. Bxf4 exf4 16. Nf3 Qb6 17. dxc6 Qxc6 18. Qxc6+ bxc6 19. Rfe1 0-0 20. e5 Ne8 21. exd6 Bxd6 22. Rxe8 Rfxe8 23. Rxd6 Rac8 24. Rd4 Rb8 25. b3 c5 26. Rxf4 Rb4 27. Rf5 Rc8 28. Nd5 Rb7 29. c4 a5 30. Re5 Kh7 31. Nc3 Rd7 32. Nd5 Rc6 33. Nd2 Re6 34. Nf3 Rg6 35. Re8 a4 36. Ne5 Re6 37. Rxe6 fxe6 38. Nxd7 1-0